[Event "World Amateur-ch U1700 (Women)"]
[Site "Muscat"]
[Date "2023.11.10"]
[Round "9"]
[White "Sara, Gadalla Karar"]
[Black "Alipbek, Arailym"]
[Result "0-1"]
[WhiteElo "1383"]
[BlackElo "1632"]
[PlyCount "94"]
[EventDate "2023.11.02"]
[EventType "swiss"]
[EventRounds "9"]
[EventCountry "OMN"]
[SourceTitle "CB47_2023"]
[SourceDate "2023.11.22"]
[SourceVersion "1"]
[SourceVersionDate "2023.11.22"]
[SourceQuality "1"]

1. c4 e6 2. e4 d5 3. Nc3 d4 4. Nce2 c5 5. d3 Nc6 6. Nf3 e5 7. g3 g6 8. Bg2 h5 9. h4 Bh6 10. Qa4 Bd7 11. 0-0 f6 12. a3 g5 13. b4 Nxb4 14. Qb3 Nc6 15. Qxb7 Rb8 16. Qa6 g4 17. Nh2 Qc7 18. Qa4 Ke7 19. f4 gxf3 20. Nxf3 Bxc1 21. Raxc1 Nh6 22. Nh2 Rb2 23. Rc2 Nb4 24. Qxd7+ Qxd7 25. Rxb2 Na6 26. Rfb1 Rc8 27. Rb7 Rc7 28. R7b5 Kf7 29. Kf1 Kg6 30. Ng1 Ng4 31. Nxg4 hxg4 32. Ke2 Qd6 33. Rf1 Rc6 34. Rf5 Rb6 35. a4 Rxb5 36. axb5 Nb4 37. Bf1 a6 38. Kd2 axb5 39. h5+ Kg7 40. cxb5 Qe6 41. Ke1 Nc2+ 42. Kf2 Ne3 43. Be2 Nxf5 44. Bxg4 Qa2+ 45. Be2 Ne3 46. Kf3 Qb1 47. g4 Qxg1 0-1

[Event "World Amateur-ch U1700 (Women)"]
[Site "Muscat"]
[Date "2023.11.08"]
[Round "7"]
[White "Almusawi, Maram"]
[Black "Alipbek, Arailym"]
[Result "0-1"]
[WhiteElo "1189"]
[BlackElo "1632"]
[PlyCount "58"]
[EventDate "2023.11.02"]
[EventType "swiss"]
[EventRounds "9"]
[EventCountry "OMN"]
[SourceTitle "CB47_2023"]
[SourceDate "2023.11.22"]
[SourceVersion "1"]
[SourceVersionDate "2023.11.22"]
[SourceQuality "1"]

1. d4 d5 2. Nc3 Nf6 3. Bf4 e6 4. e3 Bb4 5. Nge2 a6 6. a3 Be7 7. Ng3 c5 8. dxc5 Bxc5 9. Bd3 Nc6 10. 0-0 h6 11. Nh5 g6 12. Nxf6+ Qxf6 13. Re1 Ne5 14. Be2 Bd7 15. Qd2 g5 16. Bg3 h5 17. h3 h4 18. Bh2 g4 19. hxg4 h3 20. Bxe5 Qxe5 21. g3 d4 22. exd4 Bxd4 23. Qd3 Bc6 24. Kh2 Bxf2 25. Rf1 Rd8 26. Rxf2 Rxd3 27. Bxd3 Bg2 28. Bf1 Qe3 29. Re2 Qf3 0-1

[Event "World Amateur-ch U1700 (Women)"]
[Site "Muscat"]
[Date "2023.11.06"]
[Round "5"]
[White "Birzhan, Amina"]
[Black "Alipbek, Arailym"]
[Result "1-0"]
[WhiteElo "1348"]
[BlackElo "1632"]
[PlyCount "143"]
[EventDate "2023.11.02"]
[EventType "swiss"]
[EventRounds "9"]
[EventCountry "OMN"]
[SourceTitle "CB47_2023"]
[SourceDate "2023.11.22"]
[SourceVersion "1"]
[SourceVersionDate "2023.11.22"]
[SourceQuality "1"]

1. c4 e6 2. Nc3 d5 3. e3 c5 4. cxd5 exd5 5. d4 Nf6 6. Nf3 a6 7. Be2 c4 8. a4 Bb4 9. Bd2 Nc6 10. b3 Ne4 11. Qc2 Bf5 12. Qb2 Nxd2 13. Nxd2 b5 14. axb5 Bxc3 15. Qxc3 axb5 16. bxc4 Rxa1+ 17. Qxa1 bxc4 18. 0-0 0-0 19. Nb1 Qg5 20. Nc3 Ne7 21. Qa5 Be6 22. Bxc4 Bh3 23. Bxd5 Be6 24. f4 Qh5 25. f5 Bxf5 26. Bc4 Rc8 27. Bd3 Qh6 28. Bxf5 Qxe3+ 29. Kh1 Qxc3 30. Bxh7+ Kxh7 31. Qh5+ Kg8 32. Qxf7+ Kh8 33. Qxe7 Qxd4 34. Rf8+ Rxf8 35. Qxf8+ Kh7 36. Qf5+ Kg8 37. h3 Qd1+ 38. Kh2 Qd6+ 39. Kg1 Qd1+ 40. Kf2 Qd2+ 41. Kf3 Qd1+ 42. Kg3 Qd6+ 43. Qf4 Qa3+ 44. Kg4 Qb3 45. h4 Qe6+ 46. Kg3 Qe1+ 47. Kh2 Qc3 48. h5 Qb3 49. Qg4 Qe3 50. Qf5 Qd2 51. Qe6+ Kh7 52. Qg6+ Kg8 53. Qe8+ Kh7 54. Qe4+ Kh8 55. Qg4 Qc2 56. Qf4 Qe2 57. Qf8+ Kh7 58. Qf5+ Kg8 59. h6 gxh6 60. Qg6+ Kh8 61. Qxh6+ Kg8 62. Qg5+ Kh7 63. Qf5+ Kg7 64. Kh3 Qe3+ 65. Qf3 Qxf3+ 66. gxf3 Kg6 67. Kg4 Kf6 68. Kf4 Ke6 69. Kg5 Kf7 70. Kf5 Kg7 71. Ke6 Kf8 72. Kf6 1-0

[Event "World Amateur-ch U1700 (Women)"]
[Site "Muscat"]
[Date "2023.11.05"]
[Round "4"]
[White "Alipbek, Arailym"]
[Black "Aditi, Arun"]
[Result "0-1"]
[WhiteElo "1632"]
[BlackElo "1328"]
[PlyCount "78"]
[EventDate "2023.11.02"]
[EventType "swiss"]
[EventRounds "9"]
[EventCountry "OMN"]
[SourceTitle "CB47_2023"]
[SourceDate "2023.11.22"]
[SourceVersion "1"]
[SourceVersionDate "2023.11.22"]
[SourceQuality "1"]

1. d4 d5 2. c4 e6 3. Nc3 Nf6 4. Bg5 Be7 5. e3 Nbd7 6. Nf3 0-0 7. Rc1 b6 8. cxd5 exd5 9. Qb3 Bb7 10. Be2 h6 11. Bf4 c6 12. 0-0 Nh5 13. Be5 Nxe5 14. Nxe5 Nf6 15. e4 Bd6 16. exd5 Nxd5 17. Nxd5 Bxe5 18. dxe5 cxd5 19. f4 Rc8 20. Rcd1 Qd7 21. f5 Qc7 22. e6 fxe6 23. fxe6 Rxf1+ 24. Rxf1 Rf8 25. Rxf8+ Kxf8 26. Qf3+ Kg8 27. b4 Qe7 28. Qf5 Qf6 29. g4 Kf8 30. Kf2 Ke7 31. Bd3 Qxe6 32. Qxe6+ Kxe6 33. Ke3 Ke5 34. h4 d4+ 35. Kd2 Be4 36. Be2 Kf4 37. h5 Bf3 38. Bxf3 Kxf3 39. Kd3 Kxg4 0-1

[Event "World Amateur-ch U1700 (Women)"]
[Site "Muscat"]
[Date "2023.11.02"]
[Round "1"]
[White "Rani, Puja"]
[Black "Alipbek, Arailym"]
[Result "1-0"]
[WhiteElo "1226"]
[BlackElo "1632"]
[PlyCount "43"]
[EventDate "2023.11.02"]
[EventType "swiss"]
[EventRounds "9"]
[EventCountry "OMN"]
[SourceTitle "CB47_2023"]
[SourceDate "2023.11.22"]
[SourceVersion "1"]
[SourceVersionDate "2023.11.22"]
[SourceQuality "1"]

1. e4 c5 2. Nf3 Nc6 3. d4 cxd4 4. Nxd4 Nf6 5. Nc3 e5 6. Ndb5 d6 7. Bg5 a6 8. Na3 b5 9. Bxf6 gxf6 10. Nd5 Bg7 11. c3 f5 12. exf5 Bxf5 13. Nc2 0-0 14. Nce3 Be6 15. g3 f5 16. Bg2 Rc8 17. 0-0 f4 18. Be4 fxe3 19. Qh5 exf2+ 20. Kg2 h6 21. Qg6 Rf5 22. Qxe6+ 1-0

[Event "World Amateur-ch U1700 (Women)"]
[Site "Cagliari"]
[Date "2018.04.26"]
[Round "6"]
[White "Alipbek, Arailym"]
[Black "Popova, Vilena"]
[Result "0-1"]
[WhiteElo "1600"]
[BlackElo "1630"]
[PlyCount "48"]
[EventDate "2018.04.22"]
[EventType "swiss"]
[EventRounds "9"]
[EventCountry "ITA"]
[SourceTitle "CBM 184 Extra"]
[Source "ChessBase"]
[SourceDate "2018.06.28"]
[SourceVersion "1"]
[SourceVersionDate "2018.06.28"]
[SourceQuality "1"]

1. d4 d5 2. c4 e6 3. Nc3 Nf6 4. Bg5 Be7 5. e3 0-0 6. Nf3 Nbd7 7. Rc1 h6 8. Bh4 a6 9. a4 dxc4 10. Bxc4 b6 11. 0-0 Bb7 12. Qe2 c5 13. Rfd1 Qc7 14. e4 cxd4 15. Nxd4 Bc5 16. Nf3 Rfc8 17. Nd2 Qf4 18. Bg3 Qg4 19. Qe1 h5 20. h3 Qxg3 21. b4 Bd4 22. Ne2 Bxf2+ 23. Qxf2 Qxf2+ 24. Kxf2 Ne5 0-1

[Event "World Amateur-ch U1700 (Women)"]
[Site "Cagliari"]
[Date "2018.04.23"]
[Round "2"]
[White "Orru`, Giulia"]
[Black "Alipbek, Arailym"]
[Result "0-1"]
[WhiteElo "1334"]
[BlackElo "1600"]
[PlyCount "80"]
[EventDate "2018.04.22"]
[EventType "swiss"]
[EventRounds "9"]
[EventCountry "ITA"]
[SourceTitle "CBM 184 Extra"]
[Source "ChessBase"]
[SourceDate "2018.06.28"]
[SourceVersion "1"]
[SourceVersionDate "2018.06.28"]
[SourceQuality "1"]

1. e4 e6 2. d4 d5 3. exd5 exd5 4. Nf3 Bd6 5. Bd3 Ne7 6. 0-0 0-0 7. Re1 c6 8. Nbd2 Bf5 9. Nb3 Bxd3 10. Qxd3 Nd7 11. Be3 b6 12. c3 c5 13. Qc2 c4 14. Nbd2 h6 15. b3 b5 16. a4 a6 17. Nh4 Qc7 18. Ndf3 cxb3 19. Qxb3 bxa4 20. Rxa4 Nb6 21. Raa1 g5 22. Bxg5 hxg5 23. Nxg5 Bxh2+ 24. Kh1 Bf4 25. Ngf3 Ng6 26. Nf5 Nc4 27. g3 Qd7 28. N3h4 Nxh4 29. Nxh4 Bd2 30. Red1 Qh3+ 31. Kg1 Bg5 32. Nf3 Ne3 33. Nh4 Nxd1 34. Rxd1 Bxh4 35. gxh4 Kh8 36. f4 Rg8+ 37. Kf2 Qxh4+ 38. Kf3 Qh3+ 39. Ke2 Rg2+ 40. Ke1 Qh1# 0-1